000 00753nam a2200229 a 4500
001 48733
003 BD-RjUL
005 20211209054557.0
008 160816s1979 BG |||| |||| 00| 0 ben d
020 _c:TK. 25.00
035 _a(BD-RjUL)48852
040 _aBD-RjUL
_bben
_cBD-RjUL
041 _aben
082 _223
_a891.441
_bBES 1989
100 1 _aবেগম, হেলেনা
_9147021
245 1 0 _aস্বধীনতা আমার /
_cহেলেনা বেগম
260 _aঢাকা :
_bসম্রাজ্ঞী প্রকাশনী,
_c১৯৮৯
300 _a৬৪ পৃ ;
_c২১ সেমি.
650 _aবাংলা কবিতা
_9146440
650 _aBengali Poetry
_9146441
942 _2ddc
_cBK
999 _c48733
_d48733